Statistics for Most Common Animal Words

Click here to take the quiz!

General Stats

  • This quiz has been taken 9,544 times
    (8,868 since last reset)
  • The average score is 17 of 29

Answer Stats

rank animal % Correct
753dog
99%
1758cat
99%
3135cow
90%
1140bird
88%
1272horse
85%
3577pig
83%
962fish
83%
4396lion
82%
3276mouse
74%
4287sheep
72%
3607rat
70%
1548chicken
67%
3518snake
64%
4415elephant
64%
2723bear
62%
4735goat
60%
2822deer
51%
4387rabbit
51%
4596monkey
50%
4359shark
49%
3224fly
46%
3569duck
45%
4274bee
43%
4125wolf
41%
4200bug
35%
3446insect
27%
4968butterfly
20%
3436salmon
12%
4169shrimp
8%

Score Distribution

Percentile by Number Answered

Percent of People with Each Score

Your Score History

You have not taken this quiz since the last reset